| 000 | 01066cam a2200277 a 4500 | ||
|---|---|---|---|
| 001 | 000017986 | ||
| 005 | 20200929165314.0 | ||
| 008 | 740107s1966 pr b 000 p spa d | ||
| 025 | _aLACAP68-1502 | ||
| 035 | _a(DLC) 68083805 | ||
| 035 | _a(OCoLC)771427 | ||
| 040 |
_aDO-SdBNP _cVtU _dOCoLC _dCNE _dDLC _dBNPHU |
||
| 042 | _apremarc | ||
| 082 |
_aPR863.44 _bH558p |
||
| 100 | 1 |
_aHernández Aquino, Luis _d1907- _938992 |
|
| 245 | 1 | 0 |
_aPoetas de Lares : _bantología / _cSelección y prólogo de Luis Hernández Aquino. |
| 260 |
_aSan Juan, Puerto Rico : _bInstituto de Cultura Puertorriqueña, Centro Cultural de Lares, _c1966. |
||
| 300 |
_a123 p. ; _c22 cm. |
||
| 500 | _aIncluye bocetos bio-bibliográficas de los autores. | ||
| 650 | 4 |
_aPoestas puertorriqueños _xBiografías _938993 |
|
| 650 | 4 |
_aPoestas puertorriqueños _xCrítica e interpretación _938994 |
|
| 650 | 4 |
_aPoesía puertorriqueña _xHistoria y crítica _98219 |
|
| 650 | 4 |
_aLiteraturas puertorriqueña _xHistoria y crítica _938995 |
|
| 910 | _aCatalogación por copia / LC | ||
| 049 | _aBNGR | ||
| 999 |
_c17508 _d17508 |
||